000 00337nam a2200145Ia 4500
008 230917s9999||||xx |||||||||||||| ||und||
040 _e57291
_aMAIN
041 _aEnglish
082 _a822.33 S15H
100 _aShakespeare, William
245 0 _aHenry V
260 _aLondon
_bLongmans
_c1963
300 _axxx, 247 p.
942 _cBK
999 _c193601
_d193601